|
|
|
|
| LEADER |
01199nam a22003132a 4500 |
| 001 |
000736356 |
| 003 |
CZ BrMZK |
| 005 |
20061211135014.0 |
| 007 |
ta |
| 008 |
040920s1957 xr a er|||||||||||cze d |
| 015 |
|
|
|a cnb000727728
|
| 035 |
|
|
|a (OCoLC)85699372
|
| 040 |
|
|
|a ABA001
|b cze
|c OSA001
|d ABA001
|d BOA001
|
| 100 |
1 |
|
|a Žďárský, Josef,
|d 1896-1980
|7 jk01153063
|4 aut
|
| 245 |
1 |
0 |
|a Cvičení z analytické chemie :
|b určeno pro posluchače fakulty agronomické a ekonomické /
|c Josef Žďárský, Jiří Tulach, František Icha
|
| 250 |
|
|
|a 1. vyd.
|
| 260 |
|
|
|a Praha :
|b SPN,
|c 1957
|f (Praž. tisk. 06)
|
| 300 |
|
|
|a 324 s. :
|b il. ;
|c 4°
|
| 490 |
1 |
|
|a Učební texty vysokých škol
|
| 500 |
|
|
|a Vyd. Vys. škola zeměd. v Praze
|
| 504 |
|
|
|a Obsahuje bibliografii
|
| 700 |
1 |
|
|a Icha, František,
|d 1925-1966
|7 jk01050507
|4 aut
|
| 700 |
1 |
|
|a Tulach, Jiří
|4 aut
|
| 710 |
2 |
|
|a Vysoká škola zemědělská v Praze
|7 ko20010092576
|
| 830 |
|
0 |
|a Učební texty vysokých škol
|
| 910 |
|
|
|a BOA001
|b PK-N-0002.643
|
| 964 |
|
|
|a Chemie analytická - praktikum - školy vysoké
|
| 990 |
|
|
|a BK
|
| 996 |
6 |
|
|b BC-162191
|c PK-N-0002.643
|l MZK
|r Sklad / do 1 hodiny
|n 0
|w 000736356
|u 000010
|a 1
|e BOA001
|j MZK50
|s P
|